Expedición para cazar fantasmas. / (Registro nro. 50708)
[ vista simple ]
| 000 -CABECERA | |
|---|---|
| campo de control de longitud fija | 00873nam a2200265 a 4500 |
| 003 - IDENTIFICADOR DEL NÚMERO DE CONTROL | |
| campo de control | DO-SdBNP |
| 005 - FECHA Y HORA DE LA ÚLTIMA TRANSACCIÓN | |
| campo de control | 20250115124320.0 |
| 007 - CAMPO FIJO DE DESCRIPCIÓN FÍSICA--INFORMACIÓN GENERAL | |
| campo de control de longitud fija | ta |
| 008 - DATOS DE LONGITUD FIJA--INFORMACIÓN GENERAL | |
| campo de control de longitud fija | 211005e2019 dr ||||e |||| 001 jdspa d |
| 020 ## - NÚMERO INTERNACIONAL ESTÁNDAR DEL LIBRO | |
| Número Internacional Estándar del Libro | 9789945503524 |
| 040 ## - FUENTE DE LA CATALOGACIÓN | |
| Centro catalogador/agencia de origen | DO-SdBNP |
| Lengua de catalogación | spa |
| Centro/agencia transcriptor | BNPHU |
| 082 #4 - NÚMERO DE LA CLASIFICACIÓN DECIMAL DEWEY | |
| Número de edición | 22 |
| Número de documento/Ítem | S684ex |
| 100 1# - ENTRADA PRINCIPAL--NOMBRE DE PERSONA | |
| Nombre de persona | Solano Reyes, Edwin |
| Fechas asociadas al nombre | 1989 - |
| 9 (RLIN) | 80122 |
| 245 00 - MENCIÓN DE TÍTULO | |
| Título | Expedición para cazar fantasmas. / |
| Mención de responsabilidad, etc. | Edwin Solano Reyes. |
| 260 ## - PUBLICACIÓN, DISTRIBUCIÓN, ETC. | |
| Lugar de publicación, distribución, etc. | Santo Domingo : |
| Nombre del editor, distribuidor, etc. | Nacional, |
| Fecha de publicación, distribución, etc. | 2019 |
| 300 ## - DESCRIPCIÓN FÍSICA | |
| Extensión | 93 p. ; |
| Otras características físicas | 20 cm. |
| 490 ## - MENCIÓN DE SERIE | |
| Mención de serie | Poesía |
| 500 ## - NOTA GENERAL | |
| Nota general | Incluye la biografía del autor en las cubiertas. |
| 586 ## - NOTA DE PREMIOS | |
| Nota de premios | Joven de Poesía Feria del Libro 2018. |
| 586 ## - NOTA DE PREMIOS | |
| Nota de premios | Jurado: José Enrique Delmonte. César Sánchez Beras y Sally Rodríguez. |
| 590 ## - NOTA LOCAL (RLIN) | |
| Nota local | Inventariado 2021 / MF |
| 710 1# - PUNTO DE ACCESO ADICIONAL--NOMBRE DE ENTIDAD CORPORATIVA | |
| Nombre de entidad corporativa o nombre de jurisdicción como elemento de entrada | República Dominicana. |
| Unidad subordinada | Ministerio de Cultura |
| 9 (RLIN) | 71794 |
| 830 ## - PUNTO DE ACCESO ADICIONAL DE SERIE-TÍTULO UNIFORME | |
| Lenguaje de la obra | Poesía |
| 9 (RLIN) | 80123 |
| 942 ## - ELEMENTOS DE PUNTO DE ACCESO ADICIONAL (KOHA) | |
| Fuente del sistema de clasificación o colocación | Dewey Decimal Classification |
| Tipo de ítem Koha | Libro |
| Estado de retiro | Estado de pérdida | Fuente del sistema de clasificación o colocación | Restricciones de uso | No para préstamo | Código de colección | Localización permanente | Ubicación/localización actual | Ubicación en estantería | Fecha de adquisición | Fuente de adquisición | Total de préstamos | Signatura topográfica completa | Código de barras | Fecha visto por última vez | Precio válido a partir de | Tipo de ítem Koha | Número de copia |
|---|---|---|---|---|---|---|---|---|---|---|---|---|---|---|---|---|---|
| Dewey Decimal Classification | Préstamo en sala | Dominicana de Servicio | Biblioteca Nacional Pedro Henríquez Ureña | Dominicana | Depósito | 16.05.2019 | Depósito legal / Editora Nacional | S684ex | 2021-27221 | 05.10.2021 | 05.10.2021 | Libro y Folleto Colección Dominicana de Servicio | e.3 | ||||
| Dewey Decimal Classification | Excluido de préstamo | Dominicana de Servicio | Biblioteca Nacional Pedro Henríquez Ureña | Dominicana | Depósito | 16.05.2019 | Depósito legal / Editora Nacional | S684ex | 2021-27222 | 05.10.2021 | 05.10.2021 | Libro y Folleto Colección Dominicana de Servicio | e.4 | ||||
| Dewey Decimal Classification | Préstamo en sala | Dominicana de Servicio | Biblioteca Nacional Pedro Henríquez Ureña | Dominicana | Depósito | 16.05.2019 | Depósito legal / Editora Nacional | S684ex | 2021-27223 | 05.10.2021 | 05.10.2021 | Libro y Folleto Colección Dominicana de Servicio | e.5 | ||||
| Dewey Decimal Classification | Excluido de préstamo | Patrimonio Dominicano | Biblioteca Nacional Pedro Henríquez Ureña | Patrimonio Dominicano | Depósito | 04.07.2019 | Donado por Editora Búho | S684ex | 2021-27219 | 05.10.2021 | 05.10.2021 | Libro y Folleto Colección Patrimonio Dominicano | |||||
| Dewey Decimal Classification | Excluido de préstamo | Patrimonio Dominicano | Biblioteca Nacional Pedro Henríquez Ureña | Patrimonio Dominicano | Depósito | 04.07.2019 | Donado por Editora Búho | S684ex | 2021-27220 | 05.10.2021 | 05.10.2021 | Libro y Folleto Colección Patrimonio Dominicano | e.2 |
